| 000 | 02124nam0a2200361 4500 | ||
|---|---|---|---|
| 001 | RU\NLR\BIBL_A\012694601 | ||
| 005 | 20220328164511.0 | ||
| 010 |
_a978-5-907266-61-2 _9500 |
||
| 021 |
_aRU _bКН-П-21-067372 _9КН-П-21-5326 |
||
| 035 | _a(NLR Aleph) 012694601 | ||
| 035 | _a(RuMoRGB)010822480 | ||
| 090 |
_a12858233 _c12858233 |
||
| 100 | _a20220126d2021 k y0rusy50 ca | ||
| 101 | 0 | _arus | |
| 102 | _aRU | ||
| 105 | _aac||z|||000zy | ||
| 181 | 0 |
_ai _baxxe |
|
| 182 | 0 | _an | |
| 200 | 1 |
_aКультурные коды головы человека в русском изобразительном искусстве _eмонография _fН. Г. Меркулова _gМинистерство науки и высшего образования Российской Федерации, Федеральное государственное бюджетное образовательное учреждение высшего образования "Рязанский государственный университет имени C. А. Есенина" |
|
| 203 |
_aТекст _bвизуальный _cнепосредственный |
||
| 210 |
_aРязань _cРедакционно-издательский центр РГУ имени С. А. Есенина _d2021 |
||
| 215 |
_a195 с. _cил., цв. ил., портр. _d21 |
||
| 300 | _aНа 4-й с. обл. авт.: Меркулова Н. Г. - канд. культурологии, доц. | ||
| 320 | _aБиблиогр.: с. 152-163 (202 назв.) и в подстрч. примеч. | ||
| 606 | 1 |
_aПортрет русский _91237276 _3RU\NLR\AUTH\66505138 |
|
| 606 | 1 |
_aГолова _xКультурологические исследования _91568926 _3RU\NLR\AUTH\66986965 |
|
| 686 | 1 | _aЩ103(2Р=Рус)-475 | |
| 686 | 1 | _aЮ802.451.0 | |
| 700 | 1 |
_aМеркулова _bН. Г. _cканд. культурологии _gНаталья Геннадьевна _9213418 _3RU\NLR\AUTH\770213474 |
|
| 942 | _cBOOK | ||
| 980 | _aNB | ||